| 000 | 00407nam a2200133Ia 4500 | ||
|---|---|---|---|
| 008 | 151015s9999 xx 000 0 und d | ||
| 020 | _a1420891529 | ||
| 050 | _aPS652.1 .S39 2005 | ||
| 245 | _aShumaker Bob. | ||
| 250 | _a_The curse of the golden gato The Schmooney trilogies Bob Schumaker | ||
| 300 | _aIndiana Authorhouse 2005 | ||
| 650 | _a_Curse of golden Gato | ||
| 700 | _a^d20140109 10:48:04^oanne | ||
| 999 |
_c5198 _d5198 |
||